[Event "Dortmund SuperGM 36th"]
[Site "Dortmund"]
[Date "2008.06.29"]
[Round "2"]
[White "Kramnik, Vladimir"]
[Black "Van Wely, Loek"]
[Result "1-0"]
[WhiteElo "2788"]
[BlackElo "2677"]
[Annotator "Knaak,Rainer"]
[PlyCount "57"]
[EventDate "2008.06.28"]
[EventType "tourn"]
[EventRounds "7"]
[EventCountry "GER"]
[EventCategory "18"]
[SourceTitle "CBM 125"]
[Source "ChessBase"]
[SourceDate "2008.07.30"]
[SourceVersion "1"]
[SourceVersionDate "2008.07.30"]
[SourceQuality "1"]

1. d4 d5 2. c4 c6 3. Nf3 Nf6 4. e3 e6 {The move is not without its problems, because it neglects the development of th c8; 4...g4, 4...f5 and 4...a6 are more popular.  Der Zug ist nicht unproblematisch, weil er die Entwicklung des c8 vernachlässigt; 4...g4, 4...f5 und 4...a6 stehen höher im Kurs.} 5. b3 Nbd7 6. Bb2 b6 7. Bd3 Bb7 8. O-O Bd6 9. Nbd2 (9. Nc3 O-O 10. Qc2 Re8 11. Rad1 Qe7 12. e4 dxe4 13. Nxe4 Nxe4 14. Bxe4 Nf6 15. Bd3 Ba3 16. Ba1 h6 17. Rfe1 $14 {1-0 Kramnik,V (2766)-Van Wely,L (2683)/Monte Carlo 2007/CBM 117 ext (74)}) 9... O-O 10. Ne5 {It woud be exaggerated to speak here of a clear advantage for White, but the position is unpleasant for Black. Es wäre übertrieben, wollte man hier von deutlichem weißen Vorteil sprechen, aber es spielt sich für Schwarz unangenehm.} Qe7 11. Qf3 ({RR} 11. Qe2 Ba3 12. Ndf3 Bxb2 13. Qxb2 Nxe5 14. Nxe5 dxc4 15. Bxc4 c5 16. dxc5 Qxc5 17. Rac1 Qe7 18. Bb5 Rac8 19. Bc6 Nd5 20. h3 Bxc6 21. Nxc6 Qb7 22. Ne5 h6 23. Rfd1 Rxc1 24. Rxc1 Rc8 25. Rc2 Nb4 {Dziuba,M (2576)-Grachev,B (2667) Lublin 2010 ½-½}) ({RR} 11. f4 Rad8 12. Qf3 c5 13. Qh3 Ne4 14. Rad1 f6 15. Nxd7 Rxd7 16. cxd5 exd5 17. Nxe4 dxe4 18. Bc4+ Kh8 19. dxc5 Bxc5 20. Rxd7 {1-0 (20) Cervantes Landeiro,T (2184)-Marcolino,D (2000) chess.com INT 2023}) 11... Rfd8 12. Qh3 h6 13. f4 Bb4 $146 {After this, things become quite difficult for Black. Danach wird es ganz schwer für Schwarz.} (13... c5 {was required, but White's prospects are somewhat better even then. war erforderlich, aber die weißen Aussichten sind auch dann ein wenig höher einzuschätzen.}) ({RR} 13... c5 14. cxd5 Nxd5 15. Ndc4 Bc7 16. f5 exf5 17. Nxf7 Kxf7 18. Qxf5+ N5f6 19. Qh7 Nf8 20. Qh8 Ng6 21. Qh7 Nf8 22. Qh8 b5 23. Rxf6+ gxf6 24. Qxh6 bxc4 25. Bxc4+ Bd5 26. Qh5+ Kg7 27. Bxd5 Qxe3+ 28. Kh1 {Docx,S (2384)-Rasmussen,A (2535) Novi Sad 2009 0-1 (37)}) 14. Ndf3 Ne4 $2 {This allows a forcing sequence, which leaves White close to a win.  Dies erlaubt eine forcierte Zugfolge, in deren Folge Weiß nahezu auf Gewinn steht.} 15. Nxd7 Rxd7 16. Ne5 Rc7 17. Bxe4 $1 dxe4 18. c5 $1 {White exploits the position of the b4 to gain time for a kingside attack by means of a pawn sacrifice. Weiß nutzt die Position des b4 aus, um unter Bauernopfer Zeit für einen Angriff am Königsflügel zu gewinnen.} bxc5 19. a3 Ba5 20. dxc5 Qxc5 21. b4 Qb5 {Things were already so so, but now the black king has no pieces to protect it.  Das ging noch geradeso, aber der schwarze König steht nun ohne Figurenschutz da.} 22. Qg3 ({During the game I saw (or Fritz did) Während der Partie sah ich (bzw. Fritz)} 22. Ng4 {But Aber} h5 $1 {is better. ist besser:} (22... f5 23. Nxh6+ $1 gxh6 (23... Kf8 24. Be5 $18) 24. Qxh6 Bb6 25. Bf6 $1 {and White wins. und Weiß gewinnt.}) 23. Nf6+ (23. Nh6+ Kh7 $1 $13) 23... gxf6 24. Bxf6 Qf5 {and White has to go into an ending with opposite coloured bishops (and rooks). und Weiß muss in ein Endspiel mit ungleichen Läufern (und Türmen) gehen.}) ({But the correct move is Aber der richtige Zug ist} 22. f5 $1 f6 (22... Bb6 23. fxe6 f6 24. Nd7 $18) 23. Ng4 e5 24. Qg3 Kh8 25. Bxe5 fxe5 26. bxa5 $18) 22... Bb6 $6 {This misses a good practical chance. Dies verpasst eine gute praktische Chance.} ({After Nach} 22... f5 23. Rad1 Qe2 24. Bc3 Bb6 25. Rfe1 Qh5 26. Rd6 Re8 {Black is at the edge of the abyss, but he can still hope. schwebt Schwarz am Abgrund, aber er kann noch hoffen.}) 23. Nd7 $1 g6 24. Nf6+ Kf8 25. Be5 Rcc8 26. Qh4 $1 h5 ({Or Oder} 26... Bxe3+ 27. Kh1 Rd8 28. Qxh6+ Ke7 29. Qh4 Kf8 30. Qh8+ Ke7 31. Ng8+ $1 Rxg8 32. Qf6+ Ke8 33. Bd6 {and White wins. und Weiß gewinnt.}) 27. Nh7+ Ke8 28. Bd6 Rc7 29. Rfd1 1-0

[Event "RUS-chT 12th"]
[Site "Sochi"]
[Date "2005.04.24"]
[Round "6"]
[White "Sakaev, Konstantin"]
[Black "Kobalia, Mihail"]
[Result "1/2-1/2"]
[WhiteElo "2672"]
[BlackElo "2644"]
[Annotator "Mikhalevski,Victor"]
[PlyCount "53"]
[EventDate "2005.04.19"]
[EventType "team-tourn"]
[EventRounds "11"]
[EventCountry "RUS"]
[SourceTitle "EXT 2020"]
[Source "ChessBase"]
[SourceDate "2019.10.17"]
[SourceVersion "1"]
[SourceVersionDate "2019.10.17"]
[SourceQuality "1"]
[WhiteTeam "Sverdlovsk Ural region"]
[BlackTeam "Moscow Youth of"]
[WhiteTeamCountry "RUS"]
[BlackTeamCountry "RUS"]

1. d4 d5 2. c4 c6 3. Nf3 e6 4. e3 Nf6 5. Bd3 Nbd7 6. O-O Bd6 7. Nbd2 O-O 8. e4 e5 9. cxd5 cxd5 10. exd5 exd4 11. Ne4 Nxe4 12. Bxe4 Nf6 13. Bg5 h6 {Black sacrifices a pawn, but forces an exchange of White's dark-squared bishop. This move is considered to be dubious in view of the game below. The current game is an attempt to revive it.} (13... Be7 {is the main line. See a detailed information on it in the game Tregubov,P-Burmakin,A, RUS-ch qual 2004/CBM102[Mikhalevski,V]}) 14. Bxf6 (14. Bh4 $2 {loses to} g5 {[%csl Re4]}) 14... Qxf6 15. Qxd4 Qxd4 16. Nxd4 {White obtained an extra pawn on d5, but it is well-blocked. Moreover Black has the advantage of the bishops pair, which is also partly compensates the pawn.} Bd7 ({RR} 16... Be5 17. Rfd1 Bd7 18. Rac1 Rac8 19. Rxc8 Rxc8 20. g3 Bh3 21. f4 Bf6 22. Kf2 Rc4 23. Ke3 a6 24. d6 b5 25. Nc6 Rxe4+ 26. Kxe4 Bg2+ 27. Ke3 Bxc6 28. Rc1 Bd5 29. Rc8+ Kh7 30. d7 Bxa2 31. d8=Q {Slovineanu,V (2412)-Gerbelli Neto,E (2114) chess.com INT 2024 1-0 (43)}) 17. Rfd1 {[%cal Ge4f5] White is not waiting for Black to show an improvement and avoids the earlier game first. The point behind the move is to protect the d4-knight and the d5-pawn in advance and thus to prepare Bf5.} ({Here is how Tregubov proved White's superiority:} 17. Rac1 g6 18. Bd3 {[%cal Gd3b5]} a6 19. Nb3 {[%cal Gb3c5]} Rfc8 20. Na5 Rxc1 21. Rxc1 Rc8 22. Rd1 b5 23. Nb7 Bf8 24. Be4 Rc4 25. Bf3 {and it turns out that the d-pawn is a real danger.} Bc8 ({or} 25... Rc2 26. d6 $1 {[%cal Gb2b4]}) 26. d6 $1 Bxb7 27. d7 $1 (27. Bxb7 Bxd6 $1 28. Bxa6 Rc2 29. Bxb5 Bc5 $132 {[%csl Rb2,Rf2]}) 27... Bxf3 28. d8=Q Bxd1 29. Qxd1 $16 {1-0 Tregubov,P-Kallai,G/France 2002/EXT 2003 (60). (59) and despite technical difficulties White converted his advantage into a win.}) ({It would be nice to trade the light-squared bishops, but immediate} 17. Bf5 {doesn't reach the goal in view of} Rad8 {[%csl Rd5][%cal Gd6c5,Gd6e5] and suddenlt the d5-pawn becomes an oject of attack.} (17... Be5 18. Bxd7 Bxd4 19. Rfd1 Be5 20. Rd2 $16)) 17... g6 18. g3 $146 ({RR} 18. Rac1 Rac8 19. g3 Kg7 20. Kg2 h5 21. h4 Rxc1 22. Rxc1 Re8 23. Bf3 Kf6 24. Nb3 Rc8 25. Rxc8 Bxc8 26. Nd2 Bd7 27. Nc4 Ke7 28. Nxd6 Kxd6 29. Bd1 a6 30. Bc2 Bb5 31. Kf3 {½-½ (31) Kalinichev,A (2356)-Kosov,I (2386) Tula 2006}) ({RR} 18. Rac1 Rfe8 19. Bf3 Rac8 20. Rxc8 Rxc8 21. h3 Be5 22. b3 Kg7 23. Kf1 Re8 24. Be2 a6 25. Bg4 f5 26. Bf3 Bd6 27. Nc6 Kf6 28. Na5 b5 29. Nc6 Rc8 30. a4 Rc7 31. axb5 axb5 32. Ra1 Bxc6 {Briestensky,R (2331)-Jurcik,M (2333) Slovakia 2019 1-0 (75)}) 18... Rac8 19. Kg2 Rc4 $1 {[%csl Rd4,Re4][%cal Gd6e5] Black provokes the weakening of the dark-squares on the queenside.} 20. b3 Rc3 21. Rac1 Rfc8 $1 {Black takes control of the c-file and thus forces exchange of all rooks.} (21... Rxc1 $6 {is worse. F.e.} 22. Rxc1 Re8 23. Bd3 Re5 24. Rd1 $1 Rxd5 25. Be4 Re5 26. Bxb7 $16) 22. Rxc3 Rxc3 23. h4 h5 24. Ne2 Rc5 25. Rc1 {White doesn't see a plan to make progress and so he exchanges the rooks and offers a draw.} Kg7 26. Rxc5 Bxc5 27. Nf4 {Indeed one can hardly find any productive idea here. The honour of the 13...h6-line was restored.} ({Certainly not} 27. d6 $2 b5 $1 {and White has to fight for a draw.}) 1/2-1/2

[Event "Candidates Tournament"]
[Site "Khanty-Mansiysk"]
[Date "2014.03.21"]
[Round "7"]
[White "Andreikin, Dmitry"]
[Black "Topalov, Veselin"]
[Result "1-0"]
[WhiteElo "2709"]
[BlackElo "2785"]
[Annotator "Andreikin,Dmitry"]
[PlyCount "53"]
[EventDate "2014.03.13"]
[EventType "tourn"]
[EventRounds "14"]
[EventCountry "RUS"]
[EventCategory "21"]
[SourceTitle "CBM 160"]
[Source "ChessBase"]
[SourceDate "2014.05.15"]
[SourceVersion "1"]
[SourceVersionDate "2014.05.15"]
[SourceQuality "1"]

1. Nf3 d5 2. d4 Nf6 3. c4 e6 4. Bg5 h6 5. Bxf6 Qxf6 6. Nbd2 Be7 {I prefer this natural move to the one chosen by Kramnik 6...g6?! (Andreikin-Kramnik, Dortmund 2013. 1-0)} 7. Qc2 O-O 8. e3 c5 {A logical continuation.} ({If Black plays passively, White can begin a dangerous attack:} 8... c6 $6 9. h4 $1 Nd7 10. g4 $40) 9. dxc5 Nd7 ({Another interesting idea is} 9... Na6 $5 10. cxd5 exd5 11. Bxa6 Qxa6 12. Nd4 Bd7 13. b4 Bf6 $44) 10. cxd5 exd5 $6 {Here is the first important moment.} ({After} 10... Nxc5 11. dxe6 (11. d6 Bxd6 12. Rd1 $11) 11... Bxe6 12. Bc4 Bf5 13. e4 {we both overlooked} Nxe4 $1 {At the press conference after the game Veselin was talking about the move 13...g6?!} 14. Nxe4 Qg6 {Black develops a dangerous initiative, for example} 15. Bd5 (15. Nfd2 Rac8 16. O-O b5 17. Bxf7+ Rxf7 18. Qd3 Bg5 $17) (15. O-O $5 Bxe4 16. Qb3 Rad8 {Black has the advatage of the two bishops.}) 15... Rfd8 16. Bxb7 Qxg2 17. Ke2 (17. Rg1 $2 Qxf3 18. Nf6+ Bxf6 19. Bxf3 Bxc2 $19) 17... Bg4 18. Qb3 Rab8 19. Rhg1 Qxf3+ 20. Qxf3 Bxf3+ 21. Kxf3 Rxb7 $15 {This endgame is better for Black.}) 11. Nb3 {Of course, now I don't give up the c-pawn.} a5 (11... b6 12. c6 Nb8 13. Rc1 Bb4+ 14. Nbd2 Bf5 15. Bd3 Bxd3 16. Qxd3 Nxc6 17. O-O $14) 12. a4 $146 {I supported my opponent's aspiration for a difficult fight.} (12. Bd3 a4 13. Nbd4 Nxc5 14. O-O $11) ({RR} 12. Bd3 a4 13. Nbd4 Nxc5 14. O-O b6 15. Rfb1 g6 16. Bf1 Bb7 17. g3 Rac8 18. Bh3 Rcd8 19. b4 axb3 20. axb3 Bc8 21. Bg2 Bd7 22. Nd2 Qd6 23. b4 Ne6 24. N2f3 Bf6 25. Qd3 Ng7 26. Ra7 Nf5 {Jacobson,A (2318)-Adamson,R (2216) Charlotte 2019 0-1 (82)}) 12... b6 13. c6 Bb4+ 14. Kd1 Nc5 {I prefer this move to the passive:} (14... Nb8 $6 {with idea to win back a pawn.} 15. Nbd4 Bc5 16. Bb5 Bg4 17. h3 Bxf3+ 18. Nxf3 Nxc6 19. Bxc6 Qxc6 20. Ke2 {If the white king is consolidated, Black will get an unpleasant endgame.}) 15. Nbd4 Ne4 $2 {The black knight in the centre is beautiful, but not effective. Black had an opportunity to activate other pieces:} (15... Bg4 $1 16. Bb5 ({During the game I wanted to make another move:} 16. h3 $6 Bxf3+ 17. gxf3 Ne6 18. Qf5 {but here I didn't see} Qh4 $1 $17 19. Bd3 g6 20. Rg1 Ng5 $1 $19) 16... Ne6 17. Kc1 Bc5 18. Qd2 Bb4 19. Qc2 Bc5 $11) 16. Bb5 {The white position is better. The pawn on c6 is very strong!} g5 $2 {This is a continuation plan associated with mistaken knight move.  Black could qualify for counterplay after} (16... Bg4 17. Kc1 Bh5 $5 18. Bd3 $5 (18. Kb1 Bg6 19. Bd3 Nxf2 20. Bxg6 Qxg6 21. Qxg6 fxg6 22. Rc1 Nd3 23. Rd1 Nf2 24. Rc1 Nd3 $11) 18... Nc5 19. Bf5 Bxf3 20. gxf3 g6 21. Bh3 Na6 $1 22. Bf1 $5 (22. Kb1 Bc5 $11) 22... Rfc8 23. Bxa6 Rxa6 24. c7 Ra7 25. Nb5 Bd6 26. Nxa7 Rxc7 27. Nc6 Bf8 28. Kb1 Rxc6 $44) 17. h3 $16 {Now Black is devoid of any counterplay.} h5 $6 {This is an unnecessary weakening of the king. Black should think about defence} (17... Ra7 18. Kc1 Rc7 19. Kb1 Rd8 20. Ka2 Bf8 21. Rac1 Bg7 $16 {White's position is winning, but not very easy.}) 18. Kc1 $1 {I can ignore the activity of my opponent.} Bc5 {This move is a recognition of the failure of his plan. After} (18... g4 19. hxg4 hxg4 20. Kb1 $1 gxf3 21. gxf3 Ng5 22. Ka2 $18 {Black's king is doomed.}) 19. Kb1 Re8 20. Ka2 $18 {Black has played badly and this position is already absolutely lost. The weakness of the kingside should soon be crucial.} Ra7 21. Rad1 Kf8 22. Rhf1 Kg7 23. Ka1 Bf8 $2 24. Ne2 Rd8 25. h4 $1 g4 26. Nf4 Kg8 27. Nxd5 1-0

[Event "FIDE-Wch k.o."]
[Site "Moscow"]
[Date "2001.11.29"]
[Round "2.1"]
[White "Zvjaginsev, Vadim"]
[Black "Xu, Jun"]
[Result "1-0"]
[WhiteElo "2640"]
[BlackElo "2654"]
[Annotator "Tsesarsky,Ilya"]
[PlyCount "43"]
[EventDate "2001.11.27"]
[EventType "k.o."]
[EventRounds "7"]
[EventCountry "RUS"]
[SourceTitle "CBM 086"]
[Source "ChessBase"]
[SourceDate "2002.02.05"]
[SourceVersion "1"]
[SourceVersionDate "2002.02.05"]
[SourceQuality "1"]

1. Nf3 d5 2. c4 e6 3. g3 Nf6 4. Bg2 Be7 5. O-O O-O 6. b3 c5 7. Bb2 Nc6 8. cxd5 exd5 9. d4 Ne4 10. dxc5 Bxc5 11. e3 Bg4 ({RR} 11... Qe7 12. Nc3 Nxc3 13. Bxc3 Rd8 14. Nd4 Bxd4 15. Bxd4 Bf5 16. Bb2 Qe6 17. Re1 Be4 18. f3 Bg6 19. Qd2 h5 20. Rac1 Rd7 21. b4 a6 22. a4 f6 23. Red1 Rad8 24. Bd4 Ne5 25. Qe2 Nc4 26. Re1 {Vidit,S (2739)-Narayanan,S (2647) Kolkata IND 2024 1-0 (57)}) 12. Nc3 $1 $16 (12. h3 Be6 13. Nc3 Nxc3 14. Bxc3 Qb6 15. Qd2 Rfd8 16. Rfd1 Rac8 17. Qb2 $14 {1-0 Tauber,M-Schnur,G/Bad Wiessee 1998/EXT 2001 (45)}) (12. Qc2 $6 Rc8 13. a3 Re8 14. b4 Bb6 15. Qd3 Nxf2 $17 {0-1 Nicholson,M-Stalker,A/Hawick 2000/EXT 2001 (24)}) 12... Qa5 $146 (12... Nxc3 $144 13. Bxc3 Qd7 14. Qd2 Bb6 15. Ne5 Nxe5 16. Bxe5 Rfe8 (16... Rfd8 17. Rac1 Bh3 18. Bxh3 Qxh3 19. Bc7 Rd7 20. Bxb6 axb6 21. Qb4 (21. a4 $16) 21... h5 22. a4 $16 {½-½ Wirthensohn,H-Ekstroem,R/Pontresina 2000/CBM 79 no vc (27)}) 17. Bd4 $16 {-see detailed commented game  1-0 Zhu Chen-Dautov,R/Bad Homburg 1998/CBM 66[Tsesarsky,I] (54)}) ({RR} 12... Nxc3 13. Bxc3 Qd7 14. Qd2 Rad8 15. Ne5 Nxe5 16. Bxe5 Rfe8 17. Qb2 Bf8 18. Rac1 Rc8 19. Rxc8 Rxc8 20. Qd4 Rc2 21. a4 Be2 22. Re1 Qf5 23. Bxd5 Ba6 24. Bf4 Qc8 25. Bf3 Ra2 26. Qd1 Bb4 27. Bg4 {Ezquerro Moreno,J-Rissotti,L Argentina 2001 0-1 (39)}) ({RR} 12... Nxc3 13. Bxc3 d4 14. exd4 Nxd4 15. Bxd4 Bxf3 16. Qxf3 Qxd4 17. Rad1 Qb2 18. Qf5 Bb6 19. Bxb7 g6 20. Qf3 Rad8 21. a4 Kg7 22. Kg2 Rfe8 23. Bd5 Qf6 24. b4 Re7 25. a5 Bd4 26. b5 Bc3 27. Qxf6+ {Mamedyarov,S (2717)-Mamedov,R (2636) Hong Kong HKG 2026 ½-½ (59)}) 13. Nxd5 Rad8 14. Qc2 f5 (14... Nxg3 $144 15. Nf6+ gxf6 16. hxg3 $16 {[%csl Rf6,Rf7,Rg8,Rh7]}) (14... Bxf3 $144 15. Bxf3 Nd2 16. Qf5 Nxf3+ (16... Nxf1 $4 17. Nf6+ gxf6 18. Qg4+ Kh8 19. Bxf6#) 17. Qxf3 {[%cal Gd5f6]} Bd4 18. Ne7+ Nxe7 19. Bxd4 $16) 15. Nf4 {[%cal Gf4e6]} Bxf3 $6 $18 {Loses very quickly.} (15... Rf7 $142 16. Rfd1 Rxd1+ 17. Qxd1 Ng5 18. h3 Bxf3 19. Bxf3 Qe1+ 20. Qxe1 (20. Kg2 Nxf3 21. Qxe1 Nxe1+ 22. Rxe1 $16) 20... Nxf3+ 21. Kf1 Nxe1 22. Kxe1 $16) 16. Bxf3 Nd2 17. Bxc6 bxc6 (17... Nxf1 18. Qc4+ Kh8 19. Ne6 Rg8 20. Bxb7 $18 {[%csl Rc5,Rf1]}) 18. Rfd1 Rfe8 (18... Bb4 19. a3 $18) 19. a3 Bxe3 20. fxe3 Rxe3 21. b4 Qb6 22. Kg2 1-0

[Event "Geneva FIDE GP"]
[Site "Geneva"]
[Date "2017.07.07"]
[Round "2"]
[White "Mamedyarov, Shakhriyar"]
[Black "Inarkiev, Ernesto"]
[Result "1-0"]
[WhiteElo "2800"]
[BlackElo "2707"]
[Annotator "Yermolinsky,Alex "]
[PlyCount "39"]
[EventDate "2017.07.06"]
[EventType "swiss"]
[EventRounds "9"]
[EventCountry "SUI"]
[SourceTitle "CBM 180"]
[Source "ChessBase"]
[SourceDate "2017.09.13"]
[SourceVersion "1"]
[SourceVersionDate "2017.09.13"]
[SourceQuality "1"]

1. d4 {ChessBase II} Nf6 2. Nf3 d5 3. c4 e6 4. Bg5 Bb4+ 5. Nbd2 {Shak specialises in obscure and risky gambit lines of the Queen's Gambit Declined.} ({RR} 5. Nc3 Nbd7 6. e3 c6 7. Qc2 Qa5) 5... dxc4 6. e3 ({The main line runs} 6. Qc2 b5 7. a4 c6 8. Bxf6 gxf6 9. g3) ({RR} 6. Qa4+ Nc6 7. Ne5 Bd7) 6... b5 7. a4 ({RR} 7. a3 Bxd2+ 8. Qxd2 Qd5 9. Bf4 Nbd7 10. a4 c6 11. Be2 O-O 12. Ng5 e5 13. dxe5 Qxd2+ 14. Kxd2 Nd5 15. axb5 cxb5 16. e6 Nc5 17. exf7+ Kh8 18. Bd6 Nb3+ 19. Ke1 Nxa1 20. Bxf8 Bd7 21. Bd6 h6 {Stefan,I (2053)-Corbat,P (1893) Biel SUI 2026 1-0}) ({RR} 7. Be2 Bb7 8. O-O Nbd7 9. b3 Bxd2 ({RR} 9... c3) ({RR} 9... O-O 10. bxc4 Bc3 11. Rb1 b4 12. a3 a5) 10. Qxd2 cxb3 11. Bxb5 Bxf3 12. gxf3 Ne4 13. Bxd7+ Kxd7 14. fxe4 Qxg5+ 15. Kh1 bxa2 16. f4 Qb5 17. Qxa2 Rhb8 18. f5 Qb3 19. fxe6+ Kxe6 20. Qa5 Kd7 21. Rac1 Rb7) 7... c6 8. Be2 (8. Qc2 Bb7 9. Be2 Nbd7 10. O-O O-O 11. b3 c3 12. Ne4 h6 13. Bh4 $5 (13. Bxf6 Nxf6 14. Nxc3 $11) 13... g5 14. Nxf6+ Nxf6 15. Bg3 c5 {Nakamura-Morozevich, 2013.}) ({RR} 8. b3 c3) 8... Nbd7 ({RR} 8... O-O 9. O-O Nbd7 10. Qc2 a5 11. b3 cxb3 12. Qxc6 Rb8 13. Bxb5 Bb7 14. Qc1 Rc8 15. Qd1 b2 16. Rb1 Bc3 17. Qb3 Nb6 18. Rxb2 Bd5 19. Qa3 Bxb2 20. Qxb2 h6 21. Bh4 Qc7 22. Bxf6 gxf6 23. e4 {Mamedyarov,S (2808)-Caruana,F (2816) Paris 2018 0-1 (40)}) 9. O-O Qb6 $146 ({RR} 9... h6 10. Bh4 Bb7 11. Qc2 Be7 12. e4 a6 13. e5 Nd5 14. Bxe7 Qxe7 15. Ne4 O-O 16. Nd6 N7b6 17. Nd2 Nc8 18. N2e4 Rd8 19. b3 c3 20. Nxb7 Qxb7 21. Nc5 Qb8 22. Qe4 Nce7 23. g4 Qc8 24. f4 {Radovanovic,N (2395)-Phatak,A (1769) Paracin 2021 ½-½ (39)}) ({RR} 9... Bb7 10. Qc2 a6 11. e4 Be7 ({RR} 11... Qb6) 12. e5 Nd5 13. Bxe7 Qxe7 14. Ne4 O-O 15. Nfg5 h6 16. Nh7 Rfb8 17. Ra3 g6 ({RR} 17... c5 18. Nxc5 Nxc5 19. dxc5 Nf4) 18. Nhf6+ N7xf6 19. exf6 Nxf6 20. Nc5 Nd7 21. Nxb7 Rxb7 22. axb5 cxb5 23. Bf3 Nb6 24. Bxb7 {Scherbakoff,G-Grodner,C Paris 1953 EXT 2015 [ChessBase II] ½-½}) 10. Qc2 Bb7 11. b3 c3 12. Nb1 c5 13. Nxc3 cxd4 14. Nxb5 Rc8 (14... O-O {seems more natural.}) 15. Qb2 a6 16. a5 $1 Qc5 17. exd4 {Inarkiev played the opening reasonably well and stood to equalise until he chose an unfortunate square for his queen.} Qf5 $2 (17... Qe7 18. Ne5 $5 h6 (18... axb5 19. Bxb5) 19. Rfc1 O-O) (17... Qc2 18. Qxc2 Rxc2 19. Bd1 Rc8 20. Bd2 $1 Be7) 18. Bd2 Be7 19. Nc3 O-O $4 {One move isn't a relaible indication of bad form, but how does a Super-GM blunder his queen like that?} (19... h6 20. b4 O-O 21. b5 $16) (19... e5 $5) 20. Nh4 1-0

[Event "EU-ch 12th"]
[Site "Aix les Bains"]
[Date "2011.03.31"]
[Round "9"]
[White "Chatalbashev, Boris"]
[Black "Nielsen, Peter Heine"]
[Result "0-1"]
[WhiteElo "2602"]
[BlackElo "2670"]
[Annotator "ChessBase II"]
[PlyCount "82"]
[EventDate "2011.03.22"]
[EventType "swiss"]
[EventRounds "11"]
[EventCountry "FRA"]
[SourceTitle "CBM 142 Extra"]
[Source "ChessBase"]
[SourceDate "2011.06.27"]
[SourceVersion "1"]
[SourceVersionDate "2011.06.27"]
[SourceQuality "1"]
[TimeControl "40/5400+30:1800+30"]

1. d4 d5 2. c4 e6 3. Nf3 Nf6 4. Bg5 dxc4 5. Qa4+ (5. Nc3 Bb4 6. e4 c5 7. Bxc4) 5... Nbd7 6. e4 c6 7. Qxc4 Qb6 $1 8. Nbd2 Qxb2 9. Rb1 Qa3 10. Bd3 h6 11. Bf4 (11. Bh4 $143 {½-½ Milov,V (2653)-Shulman,Y (2550) Minneapolis HB Global op 2005 (9)}) 11... Be7 12. O-O (12. Bc7 O-O 13. O-O Nb6 14. Qc2 Qa4 15. Qc3 Nfd5 16. exd5 Nxd5 17. Qa5 Qxa5 18. Bxa5 b6 19. Ne5 bxa5 20. Nxc6 Bd8 21. Rfc1 Bd7 22. Nxd8 Rfxd8 23. Be4 Rac8 24. Bxd5 exd5 25. Rc5 Rxc5 26. dxc5 Rc8 {Ginsburg,M (2365)-Shulman,Y (2606)/Chicago 2008/0-1 (44)}) (12. Qc2) 12... O-O 13. Qc2 Nb6 $146 (13... Qa5 14. Nb3 {½-½ Huzman,A (2577)-Kogan,A (2580) Montreal 6th 2005 (3)}) ({RR} 13... Qa5 14. Nc4 Qd8 15. Rfd1 Nh5 16. Bd2 Qc7 17. e5 f5 18. Be2 b5 19. Nd6 Nb6 20. Nxb5 Qd7 21. Nc3 Rd8 22. a4 Qe8 23. a5 Nd5 24. a6 Nhf4 25. Bf1 Nxc3 26. Qxc3 Nd5 27. Qc4 Bd7 28. Ne1 {Ibrahimli,M (2418)-Durarbayli,V (2615) Nakhchivan 2022 0-1 (51)}) ({RR} 13... Qa5 14. Nc4 Qd8 15. Rfd1 Nh5 16. Bd2 Qc7 17. e5 f5 18. Be2 b5 19. Nd6 Nb6 20. Nxb5 Qd7 21. Nc3 Rd8 22. a4 Qe8 23. a5 Nd5 24. a6 Nhf4 25. Bf1 Nxc3 26. Qxc3 Nd5 27. Qc4 Bd7 28. Ne1 {Ibrahimli,M (2418)-Durarbayli,V (2615) Nakhchivan 2022 0-1 (51)}) 14. Nb3 Rd8 15. Rfd1 $44 {[%csl Ra3,Ra8,Rc8,Gd4,Ge4]} Bf8 16. Nc5 Rxd4 $5 17. Nxe6 Rxe4 18. Bxe4 (18. Bc1 $5) 18... Bxe6 19. Nd4 Qxa2 $15 {[%csl Ga7][%cal Ga7a1]} 20. Nxe6 Qxc2 21. Bxc2 fxe6 22. Be3 Nfd5 $1 {[%csl Gd5]} 23. Bxb6 $6 (23. Bd4 c5 24. Ba1) 23... axb6 $17 {[%cal Gb6b5]} 24. Re1 Kf7 25. Rb3 Be7 26. Be4 b5 $19 27. Rf3+ Bf6 28. h4 b4 29. g4 Ke7 30. Bxd5 cxd5 31. Rb1 Bc3 32. Kf1 g6 33. g5 h5 34. Kg2 Ra2 35. Rf4 b5 36. Kf1 Ra3 37. Ke2 b3 38. Kd3 b4 39. Rf3 e5 40. Rh3 e4+ 41. Ke3 Ke6 0-1